[Event "Bucharest schev"]
[Site "Bucharest"]
[Date "1993.??.??"]
[Round "?"]
[White "Kozakov, Mikhail"]
[Black "Shumiakina, Tatiana"]
[Result "0-1"]
[WhiteElo "2265"]
[BlackElo "2305"]

1.Nf3 d5 2.g3 c6 3.Bg2 Bg4 4.O-O Nd7 5.d3 e5 6.e4 dxe4 7.dxe4 Ngf6 8.Nbd2 Bc5
9.h3 Bh5 10.g4 Bg6 11.Nh4 O-O 12.Bf3 Ne8 13.Nf5 Nc7 14.Re1 Ne6 15.Nf1 Qc7
16.Bg2 Rfd8 17.Qf3 f6 18.N1g3 Nd4 19.Nxd4 exd4 20.Nf5 Ne5 21.Qg3 d3 22.Bf4 dxc2
23.Qb3+ Qf7 24.Qxc2 Nd3 25.Rf1 Bxf5 26.exf5 Nxf4 27.Qxc5 Nxg2 28.Kxg2 Rd5
29.Qc4 Rd2 30.Qxf7+ Kxf7 31.Rfe1 Re8 32.Rxe8 Kxe8 33.Rb1 Kd7 34.h4 h5 35.gxh5 Rd5
36.Rg1 Ke7 37.Kf3 Rxf5+ 38.Kg4 Rd5 39.Re1+ Kf7 40.Re2 Rd4+ 41.f4 Rd5 42.a3 a5
43.h6 gxh6 44.f5 c5 45.Rg2 b5 46.Kh5 Rxf5+ 47.Kxh6 b4 48.Rg7+ Ke6 49.Ra7 b3
50.Rxa5 c4 51.Ra8 Rf2 52.Rc8 Kd5 53.Rd8+ Ke4 54.Rc8 Kd3 55.Rd8+ Kc2 56.Rd4 Kxb2
57.Rxc4 Kxa3 58.Rc8 b2 59.Ra8+ Kb3 60.Rb8+ Kc2 61.Rc8+ Kd1 62.Rd8+ Kc1  0-1

[Event "Bucharest CCS (Women)"]
[Site "Bucharest"]
[Date "1993.??.??"]
[Round "3"]
[White "Stanciu, Gabriela"]
[Black "Butt, Carmen"]
[Result "1-0"]
[WhiteElo "2245"]
[BlackElo "2060"]

1.Nf3 d5 2.g3 e6 3.Bg2 c6 4.b3 f5 5.Bb2 Nf6 6.d3 Be7 7.Nbd2 O-O 8.O-O Qe8
9.Re1 Qh5 10.e4 f4 11.exd5 fxg3 12.hxg3 cxd5 13.Ne5 Nc6 14.Qxh5 Nxh5 15.Nxc6 bxc6
16.Bh3 Bg5 17.Nf1 Re8 18.d4 g6 19.Re2 Ng7 20.Rae1 Kf7 21.f4 Bf6 22.Nh2 Ba6
23.Rd2 Nf5 24.Kf2 c5 25.Bxf5 exf5 26.Rxe8 Rxe8 27.Nf3 cxd4 28.Bxd4 Bxd4+
29.Nxd4 Rc8 30.Rd1 Rc7 31.Re1 Bc8 32.Re5 Bb7 33.Ke2 Re7 34.Rxe7+ Kxe7 35.Ke3 Kd7
36.Nf3 Ke7 37.Kd4 h6 38.Ke5 Bc6 39.Nd4 Bb7 40.b4 a6 41.a4  1-0

[Event "Bucharest2"]
[Site "Bucharest"]
[Date "1993.??.??"]
[Round "3"]
[White "Badea, Bela"]
[Black "Bets, Anatolij"]
[Result "1/2-1/2"]
[WhiteElo "2385"]
[BlackElo "2260"]

1.Nf3 d5 2.g3 c6 3.Bg2 Bg4 4.d3 Nd7 5.Nbd2 e6 6.O-O Ngf6 7.b3 Bd6 8.Bb2 O-O
9.e4 dxe4 10.dxe4 Be5 11.c3 Qc7 12.Qc2 Rfd8 13.Nc4 Bd6 14.Nxd6 Qxd6 15.Rfd1 Qc5
16.Rd2 Qh5 17.Ne1 Ne5 18.c4 Rxd2 19.Qxd2 Bf3 20.Qf4 Bxg2 21.Kxg2 Ng6 22.Qf3 Qxf3+
23.Kxf3 Rd8 24.h3 h5 25.Ke3 Kf8 26.Nd3 Nd7 27.f4 f6 28.g4 hxg4 29.hxg4 Kf7
30.Rh1 Rh8 31.Rxh8 Nxh8 32.f5 e5 33.Kf3 g5 34.Bc1 Ke8 35.Be3 a6 36.a4 Nf7
37.a5 Nd6 38.Bc1 Nf7 39.Ba3 Kd8 40.Nf2 Ke8 41.Ke3 Kd8 42.Nd3 Nh6 43.Kf3 Nf7
44.Bc1 Kc7 45.Be3 Kd8 46.Ba7 Ke8 47.c5 Ke7 48.Nc1 Nh6 49.Ne2 Kf7 50.Nc3 Ke8
51.Na4 Ng8 52.b4 Ne7 53.Bb6 Nc8 54.Ke3 Ke7 55.Kd3 Ke8 56.Nb2 Ne7 57.Nc4 Nc8
58.Bc7 Ke7 59.Bb6 Ke8 60.Ne3 Ne7 61.Nf1 Nc8 62.Ng3 Kf7 63.Nh5 Ne7 64.Ng3  1/2-1/2

[Event "Bucharest Tim"]
[Site "Bucharest"]
[Date "1993.??.??"]
[Round "6"]
[White "Bogdan, Dan"]
[Black "Dumitrache, Dragos"]
[Result "1/2-1/2"]
[WhiteElo "2290"]
[BlackElo "2385"]

1.Nf3 d5 2.g3 Nf6 3.Bg2 c6 4.d3 Bf5 5.O-O h6 6.Nbd2 e6 7.Re1 Be7 8.b3 O-O
9.Bb2 Bh7 10.e4 Nbd7 11.Qe2 a5 12.a3 Qb6 13.Rab1 Qa6 14.e5 Ne8 15.a4 Nc7
16.h4 b5 17.axb5 cxb5 18.Nd4 a4 19.f4 a3 20.Ba1 b4 21.N2f3 Rae8 22.Bh3 Bc5
23.Kh2 Nb5 24.Nxb5 Qxb5 25.g4 Bb6 26.g5 h5 27.Nd4 Bxd4 28.Bxd4 Bg6 29.Rbd1 Rc8
30.Rd2 Rc7 31.Rf1 Qa6 32.Rf2 Nb8 33.Ba1 Rfc8 34.Qf3 Qc6 35.Qe2 Qd7 36.Qe1 Rc6
37.Qf1 Qc7 38.Qg2 Qd7 39.Rde2 Ra6 40.Qf1 Rac6 41.Rd2 R6c7 42.Qe1 Rc6 43.Kg3 Na6
44.Qe3 Qc7 45.Rfe2 Nb8 46.Kg2 Qb6 47.Qf3 R6c7 48.f5 exf5 49.Qxd5 Qc6 50.Qxc6 Nxc6
51.Kg3 Na7 52.e6 fxe6 53.Rxe6 Bf7 54.Bxf5 g6 55.Bh3 Rxc2 56.Rxc2 Rxc2 57.Ra6 Rd2
58.Rd6 Bxb3 59.Rxg6+ Kf8 60.Rd6 Nb5 61.Rd8+ Kf7 62.Rd7+ Ke8 63.Bf6 Nc3 64.Rd8+  1/2-1/2

[Event "Bucharest1"]
[Site "Bucharest"]
[Date "1993.??.??"]
[Round "7"]
[White "Bogdan, Dan"]
[Black "Bets, Anatolij"]
[Result "1/2-1/2"]
[WhiteElo "2290"]
[BlackElo "2260"]

1.Nf3 d5 2.g3 c6 3.Bg2 Bg4 4.O-O Nd7 5.d3 Ngf6 6.Nbd2 e5 7.e4 Bd6 8.Qe2 O-O
9.h3 Bh5 10.g4 Bg6 11.Nh4 Re8 12.Nf5 Bxf5 13.exf5 g6 14.c4 Nc5 15.b4 Na4
16.c5 Nc3 17.Qe1 Bc7 18.fxg6 hxg6 19.Nf3 d4 20.Ng5 a5 21.b5 Nxb5 22.Bd2 a4
23.Be4 Kg7 24.f4 Nxe4 25.Nxe4 exf4 26.Bxf4 Bxf4 27.Rxf4 Qd5 28.Qf2 Nc3 29.Rf1 Re7
30.Rf6 Nxe4 31.dxe4 Qxe4 32.Rxf7+ Rxf7 33.Qxf7+ Kh8 34.Qf6+ Kg8 35.Rf4 Qe1+
36.Kg2 Qe2+ 37.Kg3 Qe1+ 38.Kh2 Qe2+ 39.Rf2 Qe4 40.Rf4 Qe2+ 41.Kg3 Qe4  1/2-1/2

[Event "Budapest FS02 GM"]
[Site "Budapest"]
[Date "1993.??.??"]
[Round "?"]
[White "Urban, Julian"]
[Black "Lengyel, Bela"]
[Result "0-1"]
[WhiteElo "2390"]
[BlackElo "2350"]

1.Nf3 d5 2.g3 Nf6 3.Bg2 Bf5 4.d3 Nbd7 5.O-O e5 6.Nbd2 c6 7.b3 Bc5 8.Bb2 Qe7
9.e4 dxe4 10.dxe4 Bg4 11.h3 Bxf3 12.Qxf3 O-O 13.a4 Rfd8 14.Nc4 Ne8 15.Rfd1 f6
16.Bf1 Nf8 17.Ne3 Ne6 18.Nf5 Qf7 19.Bc4 N8c7 20.Qg4 Kh8 21.a5 Qg6 22.Qf3 Ng5
23.Qg2 Qh5 24.Rxd8+ Rxd8 25.g4 Qxh3 26.Qxh3 Nxh3+ 27.Kg2 Nf4+ 28.Kf3 Rd2
29.Ne3 Nce6 30.Bxe6 Nxe6 31.Bc3 Bxe3 32.Bxd2 Bxd2 33.a6 b5 34.Ke2 Bc3 35.Rd1 Bd4
36.c3 Bxc3 37.Rd6 Nf4+ 38.Kf3 h6 39.Rxc6 Bd4 40.Rc8+ Kh7 41.Rb8 Ne6 42.Rxb5 Nc5
43.Rb6 Nxe4 44.Rb7 Nxf2 45.b4 e4+ 46.Ke2 Nd3 47.b5 Nf4+ 48.Kd1 e3 49.Re7 e2+
50.Kc2 Kg6 51.Re4 Kg5 52.Kd2 Bb6 53.Re7  0-1

[Event "Budapest FS02 GM"]
[Site "Budapest"]
[Date "1993.??.??"]
[Round "?"]
[White "Urban, Julian"]
[Black "Dao Thien Hai"]
[Result "0-1"]
[WhiteElo "2390"]
[BlackElo "2560"]

1.Nf3 d5 2.g3 c6 3.Bg2 Bg4 4.d3 Nd7 5.c4 Bxf3 6.exf3 e6 7.O-O Bd6 8.Nc3 Ne7
9.Re1 O-O 10.a3 Nf5 11.Be3 d4 12.g4 dxe3 13.gxf5 exf2+ 14.Kxf2 exf5 15.d4 Qh4+
16.Kf1 Bxh2 17.Qd3 Nf6 18.Rad1 Nh5 19.Ne2 Rae8 20.d5 cxd5 21.cxd5 Bd6 22.Qd4 Bg3
23.Qxh4 Bxh4  0-1

[Event "Budapest FS09 IM-A"]
[Site "Budapest"]
[Date "1993.??.??"]
[Round "?"]
[White "Krutti, Valer"]
[Black "Lehmann, Karl Heinz"]
[Result "1/2-1/2"]
[WhiteElo "2350"]
[BlackElo "2295"]

1.Nf3 d5 2.g3 g6 3.Bg2 Bg7 4.O-O e5 5.d3 Ne7 6.Nbd2 O-O 7.e4 Nbc6 8.Re1 Re8
9.c3 h6 10.b4 d4 11.cxd4 Nxd4 12.a4 Bg4 13.Bb2 Nec6 14.b5 Nxf3+ 15.Bxf3 Bxf3
16.Nxf3 Nd4 17.Bxd4 exd4 18.Rc1 a6 19.Qb3 axb5 20.axb5 Qd6 21.Qc4 Ra3 22.Qxc7 Qf6
23.Nd2 Rxd3 24.Nc4 Re7 25.Qc8+ Kh7 26.Qc5 Re6 27.Qd5 Qe7 28.e5 Rc3 29.Rb1 Qc7
30.Rb4 d3 31.Ra4 d2 32.Nxd2 Rxe5 33.Rxe5 Qxe5 34.Qxe5 Bxe5 35.Re4 Rc5 36.Nc4 Bf6
37.Nd6 g5 38.Kg2 Rd5 39.Nxb7 Rxb5 40.Nd6 Rd5 41.Nc4 Kg6 42.Ne3 Rd4 43.Re8 Rd8
44.Rxd8 Bxd8 45.g4 h5 46.h3 hxg4 47.hxg4 Bb6 48.Nf5 Kf6 49.Kf3 Ke5 50.Ke2 Kf4
51.f3 Bc5 52.Ng7 Ke5  1/2-1/2

[Event "Budapest FS02 GM"]
[Site "Budapest"]
[Date "1993.??.??"]
[Round "?"]
[White "Lengyel, Levente"]
[Black "Lyrberg, Patrik"]
[Result "1/2-1/2"]
[WhiteElo "2385"]
[BlackElo "2395"]

1.Nf3 d5 2.g3 Nf6 3.Bg2 c6 4.O-O Bg4 5.d3 Nbd7 6.Nbd2 e6 7.h3 Bh5 8.b3 Qc7
9.Bb2 Be7 10.c4 O-O 11.Qc2 Rfe8 12.e4 dxe4 13.Nxe4 Nxe4 14.dxe4 Bxf3 15.Bxf3 Bf6
16.Bxf6 Nxf6 17.Qc3  1/2-1/2

[Event "Budapest FS11 GM"]
[Site "Budapest"]
[Date "1993.??.??"]
[Round "1"]
[White "Nemeth, Zoltan"]
[Black "Tseitlin, Mikhail S"]
[Result "0-1"]
[WhiteElo "2415"]
[BlackElo "2430"]

1.Nf3 d5 2.g3 c6 3.Bg2 Bg4 4.b3 Nd7 5.Bb2 Ngf6 6.d4 e6 7.Nbd2 Be7 8.O-O O-O
9.Re1 a5 10.a3 b5 11.e4 Qb6 12.h3 Bxf3 13.Qxf3 b4 14.e5 Ne8 15.axb4 Bxb4
16.c3 Be7 17.Ba3 Bxa3 18.Rxa3 Nc7 19.Qd3 Ra7 20.Rea1 Rfa8 21.c4 c5 22.cxd5 exd5
23.dxc5 Nxc5 24.Qe3 Qb4 25.R3a2 Rd8 26.Ra4 Qb6 27.Rh4 N7e6 28.f4 d4 29.Qf3 d3
30.Kh2 Nd4 31.Qh5 Qg6 32.Qd1 Nf5 33.Rg4 Qb6 34.Qg1 Ra6 35.Rg5 g6 36.Nc4 Qb4
37.Rxf5 gxf5 38.Ne3 Nxb3 39.Rb1 Qb6 40.Bd5 a4 41.g4 Kh8 42.gxf5 Qd4 43.Qg3 Rg8
44.Qf2 Nc5 45.Bxf7 Ne4 46.Rg1 Rag6 47.Rxg6 Rxg6 48.Qe1 Qb2+ 49.Kh1 d2  0-1

[Event "Budapest FS09 GM"]
[Site "Budapest"]
[Date "1993.??.??"]
[Round "1"]
[White "Loginov, Valery A"]
[Black "Soffer, Ram"]
[Result "1/2-1/2"]
[WhiteElo "2505"]
[BlackElo "2450"]

1.Nf3 d5 2.g3 c6 3.Bg2 Bg4 4.c4 e6 5.cxd5 exd5 6.O-O Nd7 7.d3 Ngf6 8.Qc2 Bd6
9.e4 O-O 10.Nc3 Re8 11.h3 Bxf3 12.Bxf3 dxe4 13.dxe4 Qe7 14.Bg2 Bb4 15.Bd2 Nb6
16.Qb3 Bc5 17.Rae1 Rad8 18.Re2 Nfd7 19.Kh2 Nf8 20.Qc2 Ne6 21.Ree1 Nc4 22.Rd1 Nd4
23.Qc1 Nxd2 24.Rxd2 Rd7 25.f4 Red8 26.Rdd1 f6 27.h4 Ne6 28.Rxd7 Qxd7 29.Rd1 Qe7
30.Na4 Rxd1 31.Qxd1 Bd6 32.Nc3 Bc5 33.Bh3 Nd4 34.b4 Bb6 35.a3 g6 36.Qd3 Qd6
37.Qc4+ Kg7 38.Bg2 Nc2 39.Qe2 Nxa3 40.e5 fxe5 41.fxe5 Qe7 42.Qe4 a6 43.Ne2 Bc7
44.Nf4 Bxe5 45.Bh3 Bd6 46.Ne6+ Kg8 47.h5 Qf6 48.Qe3 Nc4 49.Qa7 gxh5 50.Qa8+ Kf7
51.Qxb7+ Kg6 52.Qxc6 Qf2+ 53.Qg2 Qxg2+ 54.Bxg2 h4 55.Nf4+ Kg5 56.Kh3 Ne3
57.Bb7 hxg3 58.Ne2 g2 59.Bxa6 Bxb4 60.Bb7 Bd6 61.Bxg2 h5 62.Bc6 Ng4  1/2-1/2

[Event "Budapest FS11 IM-A"]
[Site "Budapest"]
[Date "1993.??.??"]
[Round "1"]
[White "Szilardfy, Gyula"]
[Black "Vujosevic, Vladimir"]
[Result "0-1"]
[WhiteElo "2280"]
[BlackElo "2355"]

1.Nf3 d5 2.g3 c5 3.Bg2 Nc6 4.O-O Nf6 5.d3 e6 6.Nbd2 Be7 7.e4 O-O 8.Re1 b5
9.e5 Nd7 10.Nf1 Nb6 11.h4 f6 12.exf6 Bxf6 13.N1h2 e5 14.c3 Qd6 15.Bg5 Bd7
16.Qe2 Rae8 17.Rad1 Bf5 18.Bc1 c4 19.dxc4 bxc4 20.Ng5 Bd3 21.Rxd3 cxd3 22.Qxd3 Bxg5
23.Bxg5 Qe6 24.a4 e4 25.Qa6 Nc4 26.b3 N4e5 27.b4 Kh8 28.b5 Nd3 29.Rf1 Nce5
30.Qxa7 Nf3+ 31.Nxf3 exf3 32.Bh1 Qe2 33.Be3 Re4 34.a5 Rfe8 35.Ra1 Rxe3  0-1

[Event "Budapest Statistika"]
[Site "Budapest"]
[Date "1993.??.??"]
[Round "1"]
[White "Kraschl, Joerg"]
[Black "Varga, Peter"]
[Result "1-0"]
[WhiteElo "2225"]
[BlackElo "2315"]

1.Nf3 d5 2.g3 c6 3.Bg2 Nf6 4.O-O Bg4 5.d3 Nbd7 6.Nbd2 e6 7.e4 dxe4 8.dxe4 Bc5
9.h3 Bh5 10.Qe2 e5 11.a4 a5 12.Nc4 Qc7 13.Bg5 Be7 14.g4 Bg6 15.Nh4 O-O 16.Nf5 Bc5
17.h4 h6 18.Bd2 Rfe8 19.Qf3 Nh7 20.Kh1 b6 21.Rg1 f6 22.Bf1 Ndf8 23.g5 fxg5
24.hxg5 h5 25.Nce3 Ne6 26.Bc4 Qf7 27.Raf1 Kh8 28.Qg3 Qf8 29.Nh4 Qf7 30.Qxe5 Rad8
31.Bc3 Bd6 32.Nxg6+ Qxg6 33.Qf5 Qxf5 34.Nxf5 Bf8 35.f4 Bb4 36.Be5 Nhf8 37.Rd1 Rxd1
38.Rxd1 Ng6 39.Bxe6 Nxe5 40.Bb3 Ng4 41.Rd7 Nf2+ 42.Kg2 Nxe4 43.Nxg7 Nc5 44.Ra7 Re2+
45.Kf3 Rh2 46.f5 Nxb3 47.cxb3 h4 48.Nh5 Kg8 49.g6 Rh3+ 50.Kg4  1-0

[Event "Spring op"]
[Site "Budapest"]
[Date "1993.??.??"]
[Round "1"]
[White "Szilardfy, Gyula"]
[Black "Tolnai, Tibor"]
[Result "0-1"]
[WhiteElo "2210"]
[BlackElo "2500"]

1.g3 d5 2.Nf3 c6 3.Bg2 Bg4 4.O-O Nd7 5.d4 e6 6.Nbd2 f5 7.b3 Bd6 8.a4 Qe7
9.Bb2 Ngf6 10.Ne5 Bh5 11.Ndf3 O-O 12.c4 a5 13.Qc2 Rac8 14.Rac1 Ng4 15.e3 h6
16.Qd2 Bb4 17.Bc3 Ngxe5 18.Nxe5 Nxe5 19.Bxb4 Qxb4 20.Qxb4 axb4 21.dxe5 dxc4
22.bxc4 Ra8 23.Ra1 Ra7 24.Rfb1 c5 25.Rb2 Rfa8 26.Rd2 b3 27.Rb1 Rxa4 28.Bxb7 Rb8
29.Rd7 Rxc4 30.Ba6 Ra4 31.Ra7  0-1

[Event "Budapest FS09 GM"]
[Site "Budapest"]
[Date "1993.??.??"]
[Round "2"]
[White "Urban, Julian"]
[Black "Shabtai, Ran"]
[Result "1/2-1/2"]
[WhiteElo "2340"]
[BlackElo "2350"]

1.Nf3 d5 2.g3 c6 3.Bg2 Bg4 4.d4 e6 5.Nbd2 Nf6 6.c4 Nbd7 7.O-O Be7 8.Re1 O-O
9.e4 dxe4 10.Nxe4 Nxe4 11.Rxe4 Bf5 12.Re2 Bf6 13.Bf4 Re8 14.Qd2 h6 15.Rae1 g5
16.Be5 Nxe5 17.Nxe5 Bg7 18.Re3 Qc7 19.c5 Rad8 20.Qc3 Bxe5 21.Rxe5 Qd7 22.Qc4 Kg7
23.Rd1 f6 24.Re3 Qf7 25.b4 e5 26.Qxf7+ Kxf7 27.d5 Rd7 28.d6 a6 29.a4 Rc8
30.Rc1 Be6 31.a5 Bd5 32.Bh3 Be6 33.Bg2 Bd5 34.Bh3 Be6 35.Bf1 Bd5 36.Rce1 h5
37.f4 gxf4 38.gxf4 Rg8+ 39.Kf2 Rg4 40.fxe5 Rf4+ 41.Kg3 fxe5 42.Rxe5 Rxb4
43.Rxh5 Kf6 44.Rf5+ Kxf5 45.Bh3+ Kg5 46.Bxd7 Rb3+ 47.Kf2 Kf4 48.Bc8 Bf3 49.d7 Rb2+
50.Kf1 Rd2 51.Rc1 Rd3 52.Re1 Bg4 53.Bxb7 Rxd7 54.Bxa6 Ra7 55.Be2 Bh3+ 56.Kf2 Rxa5
57.Rc1 Be6 58.Rc3 Bd5 59.h4 Ra1 60.h5 Rh1 61.Ra3  1/2-1/2

[Event "Budapest FS05 GM"]
[Site "Budapest"]
[Date "1993.??.??"]
[Round "2"]
[White "Loginov, Valery A"]
[Black "Lukacs, Peter"]
[Result "1-0"]
[WhiteElo "2505"]
[BlackElo "2480"]

1.Nf3 d5 2.g3 Nf6 3.Bg2 c6 4.O-O Bg4 5.c4 e6 6.d3 Nbd7 7.cxd5 exd5 8.Qc2 Bd6
9.e4 O-O 10.Nc3 Nb6 11.h3 Bxf3 12.Bxf3 Be5 13.Bg2 Re8 14.Ne2 dxe4 15.dxe4 Qe7
16.a3 Bd6 17.Nd4 g6 18.Re1 Rad8 19.Nf3 Nfd7 20.Bg5 f6 21.Bd2 Ne5 22.Nxe5 Bxe5
23.Re2 Qe6 24.Rc1 Rd7 25.f4 Bd4+ 26.Kh2 Red8 27.h4 Qf7 28.a4 c5 29.a5 Na8
30.e5 Re7 31.Rce1 f5 32.Bc3 Nc7 33.Bxb7 Ne6 34.Bg2 h6 35.Rf1 Red7 36.Bc6 Rc7
37.Qa4 g5 38.fxg5 hxg5 39.Be1 Kh8 40.Bg2 gxh4 41.gxh4 Rg8 42.Qc2 f4 43.Qe4 Qh5
44.Bh3 Re7 45.Bxe6 Rxe6 46.Rxf4 Rxe5 47.Qxe5+ Bxe5 48.Rxe5 Qxe5 49.Bc3 Re8
50.Kg2 Kg8 51.Bxe5 Rxe5 52.Kf3 c4 53.Rg4+ Kf7 54.Rg5 Re1 55.Rc5 Rb1 56.Rxc4 Rxb2
57.Rc7+ Kg6 58.Rxa7 Rb4 59.Kg3 Ra4 60.a6 Kh6 61.Kf3 Rxh4 62.Ke3 Kg6 63.Kd3 Kf6
64.Kc3 Ke6 65.Ra8 Rh7 66.a7 Re7 67.Kb4  1-0

[Event "Spring op"]
[Site "Budapest"]
[Date "1993.??.??"]
[Round "2"]
[White "Ormos, Gaszton"]
[Black "Tregubov, Pavel V"]
[Result "0-1"]
[WhiteElo "2275"]
[BlackElo "2445"]

1.Nf3 d5 2.g3 c6 3.Bg2 Bg4 4.O-O Nd7 5.d4 e6 6.Nbd2 Ngf6 7.c4 Bd6 8.b3 e5
9.dxe5 Nxe5 10.Bb2 Qe7 11.Re1 O-O 12.Qc2 Rfe8 13.Nd4 Bb4 14.Bc3 Bxc3 15.Qxc3 c5
16.Nc2 d4 17.Qb2 Qd7 18.f3 Bf5 19.Rad1 Rad8 20.Nf1 b5 21.e4 Bh3 22.Nce3 bxc4
23.bxc4 Rb8 24.Qc1 Bxg2 25.Kxg2 Qa4 26.Nf5 Qxa2+ 27.Rd2 Qxc4 28.Rc2 Qd3 29.Rf2 h6
30.Qxc5 Qc3 31.Qxc3 dxc3 32.Re3 g6 33.Nd4 Rec8 34.Rc2 Rc4 35.f4 Rxd4 36.fxe5 Nxe4
37.Kf3 Nd2+ 38.Ke2 Nxf1 39.Kxf1 Rd2  0-1

[Event "Budapest FS07 IM-B"]
[Site "Budapest"]
[Date "1993.??.??"]
[Round "3"]
[White "Szilardfy, Gyula"]
[Black "Dobos, Jozsef"]
[Result "1/2-1/2"]
[WhiteElo "2290"]
[BlackElo "2350"]

1.g3 d5 2.Nf3 g6 3.Bg2 Bg7 4.O-O e5 5.d3 Nc6 6.Nbd2 Nge7 7.e4 O-O 8.Re1 dxe4
9.dxe4 h6 10.c3 Be6 11.Qc2 Qd7 12.b4 Rad8 13.Bf1 g5 14.b5 Nb8 15.Ba3 Rfe8
16.Nc4 Ng6 17.Rad1 Qc8 18.Ne3 Rxd1 19.Rxd1 Rd8 20.Nd2 c6 21.Ndc4 Rxd1 22.Nxd1 cxb5
23.Nd6 Qc6 24.Bxb5 Qb6 25.Qa4 a6 26.Bd3 Nc6 27.Ne3 Qc7 28.Nd5 Qd7 29.Nb6 Qd8
30.Nd5 Qd7 31.Nb6 Qd8 32.Nd5 Qd7  1/2-1/2

[Event "Budapest FS10 IM-B"]
[Site "Budapest"]
[Date "1993.??.??"]
[Round "3"]
[White "Stummer, Anton"]
[Black "Varga, Peter"]
[Result "0-1"]
[WhiteElo "2305"]
[BlackElo "2320"]

1.Nf3 d5 2.g3 c6 3.Bg2 Bg4 4.b3 Nd7 5.Bb2 e6 6.O-O Ngf6 7.d3 Be7 8.Nbd2 h6
9.c4 O-O 10.a3 a5 11.Qc2 Re8 12.Bc3 b5 13.cxb5 cxb5 14.b4 axb4 15.axb4 Qc7
16.Qb2 Rec8 17.Rac1 Qd8 18.h3 Bh5 19.g4 Bg6 20.Bd4 Qf8 21.Rxc8 Rxc8 22.Rb1 Rc6
23.Ne5 Nxe5 24.Bxe5 Qc8 25.Nb3 Rc2 26.Rc1 Rxc1+ 27.Nxc1 h5 28.Bf3 hxg4 29.hxg4 Ne8
30.Bc3 f6 31.Nb3 Bf7 32.Nd4 Nd6 33.Nb3 e5 34.Nc5 Ne8 35.e4 Bxc5 36.bxc5 Qxc5
37.exd5 Bxd5 38.Qb4 Qc6 39.Bxd5+ Qxd5 40.Qe7 Qf7 41.Qxf7+ Kxf7 42.g5 Nc7
43.gxf6 gxf6 44.f3 Nd5 45.Bb2 Nf4 46.d4 exd4 47.Kf1 d3 48.Ke1 Ng6 49.Kd2 Ne5
50.Bc3 Nxf3+ 51.Kxd3 Ke6 52.Ke4 Ne5 53.Kd4 b4 54.Bb2 f5 55.Bc1 Nc6+ 56.Kc5 Ke5
57.Kxc6 f4 58.Kc5 f3  0-1

[Event "Budapest FS12 GM"]
[Site "Budapest"]
[Date "1993.??.??"]
[Round "3"]
[White "Loginov, Valery A"]
[Black "Anka, Emil"]
[Result "1-0"]
[WhiteElo "2505"]
[BlackElo "2395"]

1.Nf3 d5 2.g3 c6 3.Bg2 Bg4 4.c4 Nf6 5.cxd5 cxd5 6.Ne5 Bc8 7.Nc3 e6 8.d4 Be7
9.O-O O-O 10.Be3 Nfd7 11.f4 f5 12.Qd2 Nxe5 13.dxe5 Nc6 14.Nb5 b6 15.Rfc1 Bb7
16.Nd4 Nxd4 17.Bxd4 Qd7 18.a4 Bc6 19.a5 bxa5 20.Rxa5 a6 21.Bc5 Bb5 22.Bxe7 Qxe7
23.Ra3 Rac8 24.e3 Rxc1+ 25.Qxc1 Rb8 26.Rc3 Bc4 27.Bf1 Bxf1 28.Rc7 Qb4 29.Qc6 Qb6
30.Rc8+ Rxc8 31.Qxb6  1-0

[Event "Budapest FS06 GM"]
[Site "Budapest"]
[Date "1993.??.??"]
[Round "4"]
[White "Loginov, Valery A"]
[Black "Varga, Zoltan"]
[Result "1-0"]
[WhiteElo "2505"]
[BlackElo "2450"]

1.Nf3 d5 2.g3 Nc6 3.d4 Bf5 4.Bg2 Nb4 5.Na3 e6 6.O-O h6 7.c4 c6 8.Qb3 dxc4
9.Nxc4 Nc2 10.Nh4 Qd7 11.Nxf5 Nxa1 12.Qxb7 Qxb7 13.Nfd6+ Bxd6 14.Nxd6+ Kf8
15.Nxb7 Nc2 16.Rd1 Nb4 17.Bf4 Ne7 18.Bd6 Nd5 19.Rc1 Rc8 20.e4 Nb6 21.Bf1 Rg8
22.Ba6  1-0

[Event "Budapest FS10 GM"]
[Site "Budapest"]
[Date "1993.??.??"]
[Round "4"]
[White "Urban, Julian"]
[Black "Lukacs, Peter"]
[Result "1/2-1/2"]
[WhiteElo "2340"]
[BlackElo "2485"]

1.Nf3 d5 2.g3 c6 3.Bg2 Bg4 4.d4 Nf6 5.Nbd2 e6 6.O-O Nbd7 7.Re1 Be7 8.e4 O-O
9.c4 Bb4 10.Qb3 Bxf3 11.Qxb4 Bxg2 12.Kxg2 Qb6 13.Qxb6 axb6 14.e5 Ne8 15.cxd5 exd5
16.f4 f5 17.Nf3 Nc7 18.Bd2 Ne6 19.h3 h6 20.Red1 Kh7 21.Bb4 Rf7 22.h4 b5 23.b3 g6
24.Kf2 Nb8 25.Bd6 Nd7  1/2-1/2

[Event "Budapest FS12 GM"]
[Site "Budapest"]
[Date "1993.??.??"]
[Round "5"]
[White "Loginov, Valery A"]
[Black "Lugovoi, Aleksei"]
[Result "1/2-1/2"]
[WhiteElo "2505"]
[BlackElo "2390"]

1.Nf3 d5 2.g3 c6 3.Bg2 Bg4 4.c4 e6 5.cxd5 exd5 6.O-O Nd7 7.d3 Ngf6 8.Qc2 Be7
9.e4 O-O 10.Nc3 Nc5 11.Ne5 Be6 12.f4 Qc7 13.Be3 Rad8 14.Ne2 Na6 15.a3 Bd6
16.Nf3 Ng4 17.Bd4 c5 18.Bf2 Nxf2 19.Rxf2 dxe4 20.dxe4 c4 21.Kh1 Nc5 22.Ned4 Nb3
23.Re1 Nxd4 24.Nxd4 Bd7 25.e5 Bc5 26.Rd2 b5 27.e6 fxe6 28.Nxe6 Bxe6 29.Rxe6 Rxd2
30.Qxd2 Rd8 31.Qe2 Qd7 32.Bf3 g6 33.Re5 Qd4 34.Kg2 b4 35.axb4 Bxb4 36.Kh3 Bf8
37.Rd5 Rxd5 38.Qe6+ Kg7 39.Bxd5 Qf6 40.Qd7+ Be7 41.Be6 h5 42.Bxc4 Qf5+ 43.Qxf5 gxf5
44.Bd3 Kf6 45.b3 a5 46.Kg2 h4 47.gxh4 Bf8 48.h5 Bg7 49.Kf3 Bf8 50.Bb5 Bg7
51.Ke3 Bf8  1/2-1/2

[Event "Budapest FS11 GM"]
[Site "Budapest"]
[Date "1993.??.??"]
[Round "5"]
[White "Urban, Julian"]
[Black "Tseitlin, Mikhail S"]
[Result "1/2-1/2"]
[WhiteElo "2340"]
[BlackElo "2430"]

1.Nf3 d5 2.g3 c6 3.Bg2 Bg4 4.d4 Nd7 5.Nbd2 e6 6.O-O Ngf6 7.Re1 Be7 8.e4 dxe4
9.Nxe4 Nxe4 10.Rxe4 Nf6 11.Re1 O-O 12.c3 Qb6 13.Qb3 Bxf3 14.Bxf3 Rfd8 15.Bg5 h6
16.Bf4 Nd5  1/2-1/2

[Event "Budapest FS07 GM"]
[Site "Budapest"]
[Date "1993.??.??"]
[Round "5"]
[White "Gross, Stefan"]
[Black "Lengyel, Bela"]
[Result "1/2-1/2"]
[WhiteElo "2330"]
[BlackElo "2420"]

1.Nf3 d5 2.g3 Nf6 3.c4 c6 4.b3 Bf5 5.Bb2 e6 6.Bg2 Nbd7 7.O-O a5 8.Nc3 Bc5
9.d3 O-O 10.Rc1 Re8 11.cxd5 exd5 12.Na4 Ba7 13.Bd4  1/2-1/2

[Event "Spring op"]
[Site "Budapest"]
[Date "1993.??.??"]
[Round "5"]
[White "Poley, Vladimir"]
[Black "Lirindzakis, Timotheos"]
[Result "1-0"]
[WhiteElo "2365"]
[BlackElo "2370"]

1.Nf3 d5 2.g3 Nf6 3.Bg2 e6 4.O-O Be7 5.c4 O-O 6.b3 c5 7.Bb2 Nc6 8.cxd5 Nxd5
9.Na3 b6 10.Nc4 Bb7 11.Rc1 Rc8 12.Qc2 Bf6 13.Bxf6 Nxf6 14.Qb2 Qe7 15.a3 Rfd8
16.d3 Nd4 17.Nce5 Nxf3+ 18.Nxf3 Rc7 19.Rc2 Rdc8 20.Rfc1 h6 21.Qe5 Nd7 22.Qf4 e5
23.Qe3 Qe6 24.Rc3 Bd5 25.b4 f6 26.h4 Rc6 27.b5 Rd6 28.Nd2 Bxg2 29.Kxg2 f5
30.Rc4 Nf6 31.Ra4 Ng4 32.Qf3 e4 33.dxe4 Rxd2 34.exf5 Qxe2 35.Qxe2 Rxe2 36.Rxg4 Kf7
37.Rd1 Rc7 38.Rd6 Ree7 39.Rxg7+ Kxg7 40.f6+ Kh7 41.fxe7 Rxe7 42.h5  1-0

[Event "Budapest FS04 IM"]
[Site "Budapest"]
[Date "1993.??.??"]
[Round "5"]
[White "Stoll, Ferdinand"]
[Black "Dambrauskas, Virginijus"]
[Result "0-1"]
[WhiteElo "2255"]
[BlackElo "2395"]

1.Nf3 d5 2.g3 Bg4 3.Bg2 e6 4.c4 c6 5.O-O Nd7 6.d3 Bd6 7.Nc3 Ngf6 8.Be3 Bxf3
9.exf3 O-O 10.f4 g6 11.Re1 a6 12.Bd4 Ne8 13.cxd5 cxd5 14.h4 Bc5 15.Bxc5 Nxc5
16.Rc1 Rc8 17.d4 Nd7 18.h5 Ng7 19.hxg6 hxg6 20.Bh3 Qb6 21.Nxd5 exd5 22.Bxd7 Rcd8
23.Bh3 Qxb2 24.Qb3 Qxd4 25.Red1 Qf6 26.Rxd5 b5 27.Rxd8 Rxd8 28.a4 Rb8 29.axb5 axb5
30.Qb4 Nf5 31.Bxf5 Qxf5 32.Rc5 Qd3 33.Re5 Rc8 34.Qxb5 Rc1+ 35.Kg2 Qd1 36.Kh3 Qf3
37.Qe8+ Kg7 38.Re1 Rc5 39.Re5 Qh1+ 40.Kg4  0-1

[Event "Budapest FS10 GM"]
[Site "Budapest"]
[Date "1993.??.??"]
[Round "6"]
[White "Anic, Darko"]
[Black "Lukacs, Peter"]
[Result "0-1"]
[WhiteElo "2440"]
[BlackElo "2485"]

1.Nf3 d5 2.g3 c6 3.Bg2 Bg4 4.d3 Nf6 5.Nbd2 Nbd7 6.O-O e5 7.h3 Bh5 8.e4 Bd6
9.b3 O-O 10.Bb2 Re8 11.a3 a5 12.Qe1 dxe4 13.dxe4 b5 14.Nh4 Qc7 15.Nf5 Bf8
16.Kh1 Bg6 17.Ne3 Nc5 18.Ng4 Nxg4 19.hxg4 f6 20.Qe3 Rad8 21.Bc3 Ne6 22.Nf3 c5
23.g5 Nd4 24.Ne1 fxg5 25.Qxg5 c4 26.bxc4 Qxc4 27.Bxa5 Ra8 28.Qd2 Bxe4 29.f3 Re6
30.Rf2 Rh6+ 31.Kg1 Bc5 32.Bf1 Qd5 33.fxe4 Qxe4 34.Bg2 Ne2+  0-1

[Event "Budapest FS11 GM"]
[Site "Budapest"]
[Date "1993.??.??"]
[Round "7"]
[White "Urban, Julian"]
[Black "Lengyel, Bela"]
[Result "0-1"]
[WhiteElo "2340"]
[BlackElo "2420"]

1.Nf3 d5 2.g3 c6 3.Bg2 Bf5 4.b3 Nf6 5.Bb2 e6 6.d3 Be7 7.Nbd2 O-O 8.O-O a5
9.a3 Nbd7 10.c4 h6 11.Qc2 Qb6 12.Ne5 Nxe5 13.Bxe5 Ng4 14.Nf3 Nxe5 15.Nxe5 Rfd8
16.Ra2 Bc5 17.Nf3 Re8 18.e3 Rad8 19.cxd5 exd5 20.Qd1 d4 21.e4 Be6 22.Rb2 Bxa3
23.Rb1 Bb4 24.Nh4 Be7 25.Nf3 Bb4 26.Nh4 Qc5 27.f4 Qc3 28.f5 Bc8 29.Rf2 Be7
30.Nf3 c5 31.h4 Bd6 32.g4 Bf4 33.Rc2 Qb4 34.g5 g6 35.fxg6 fxg6 36.Rc4 Qb5
37.Qc2 b6 38.Qe2 Bg4 39.Bh1 Qd7 40.Rc2 Rf8 41.e5 Be3+ 42.Kh2 Qf7  0-1

[Event "Budapest FS09 GM"]
[Site "Budapest"]
[Date "1993.??.??"]
[Round "7"]
[White "Loginov, Valery A"]
[Black "Lukacs, Peter"]
[Result "1/2-1/2"]
[WhiteElo "2505"]
[BlackElo "2485"]

1.Nf3 d5 2.g3 c6 3.Bg2 Nf6 4.O-O Bg4 5.c4 e6 6.d3 Be7 7.Be3 Nbd7 8.Qb3 Qc8
9.Nc3 O-O 10.cxd5 exd5 11.Rac1 Re8 12.Bd4 Nc5 13.Bxc5 Bxc5 14.Nxd5 cxd5 15.d4 b6
16.Rfe1 Qa6 17.dxc5 bxc5 18.Rxc5 Rxe2 19.Rb5 Bd7 20.Rb8+ Rxb8 21.Qxb8+ Re8
22.Rxe8+ Bxe8 23.a3 Qe2 24.Ne5 g6 25.Bf1 Qe4 26.Nd3 Kg7 27.Qxa7 d4 28.Nc5 Qd5
29.Bg2 Qc4 30.Bf1 Qd5 31.Bg2 Qc4 32.Bf1  1/2-1/2